=LDR 00000nam 2200000 4500 =001 INLIS000000000022845 =005 20201014082732 =035 ##$$a 0010-061300000022845 =008 201014################g##########0#ind## =041 ##$$a ind =082 ##$$a 310 =090 ##$$a 310.1, WIJ a =100 ##$$a Wijaya =245 1#$$a Analisis statistik dengan program SPSS 10.0, Wijaya /$c Wijaya, Ir =260 ##$$a Bandung :$b Alfabeta,$c 2000 =300 ##$$a vii, 151 hlm. : $b ilus ; $c 23 x 15 cm. =650 #4$$a Statistik - Analisa =850 ##$$a NBPNMAT =020 ##$$a 979-8433-49-5 =084 ##$$a 310 WIJ a =250 ##$$a cet. 2 =990 ##$$a 1038302 =990 ##$$a 1038300 =990 ##$$a 1038299